000 00765aam a2200301 4500
005 20260304133809.0
008 150810b1989 xxu||||| |||| 00| 0 spa d
020 _a9806184084
041 _aESP
082 _a617.645 N163g
100 _aNakata, Minoru
_918469
100 _aWei, Stephen
_918470
245 _aGuía oclusal en odontopediatría, atlas a color
260 _aVenezuela
260 _bAMOLCA
260 _c1989
300 _a103 páginas
300 _bFotografías a color
490 _aMecánica Dental
650 _aODONTOLOGÍA PEDIÁTRICA
650 _aOCLUSIÓN
650 _aGUÍA OCLUSAL
650 _aODONTOLOGÍA
650 _aERUPCIÓN DENTAL
650 _aMORFOLOGÍA FACIAL
650 _aCAVIDAD ORAL
942 _cBK
_2ddc
999 _c551
_d551